[Event "Staufer op 21st"]
[Site "Schwaebisch Gmuend"]
[Date "2009.01.03"]
[Round "3"]
[White "Bleher, Walter"]
[Black "Schmieder, Siegfried"]
[Result "0-1"]
[WhiteElo "1951"]
[BlackElo "2073"]
[PlyCount "52"]
[EventDate "2009.01.02"]
[EventType "swiss"]
[EventRounds "9"]
[EventCountry "GER"]
[SourceTitle "CBM 128 Extra"]
[Source "ChessBase"]
[SourceDate "2009.03.05"]
[SourceVersion "2"]
[SourceVersionDate "2009.03.25"]
[SourceQuality "1"]

1. e4 Nc6 2. Nf3 e5 3. Bb5 a6 4. Ba4 Nf6 5. 0-0 Be7 6. Re1 b5 7. Bb3 0-0 8. h3 Bb7 9. c3 d5 10. exd5 Nxd5 11. Nxe5 Nxe5 12. Rxe5 Nf4 13. d4 Nxg2 14. d5 Nh4 15. Qh5 g6 16. Qe2 Bd6 17. Bg5 f6 18. Bxh4 Bxe5 19. Nd2 Qd7 20. Nf3 Rae8 21. Nxe5 Rxe5 22. Qd3 Rh5 23. Qe4 Bxd5 24. Qd4 c6 25. Rd1 Qxh3 26. Bxd5+ Rxd5 0-1

[Event "Wuerttemberg-ch Seniors 18th"]
[Site "Freudenstadt"]
[Date "2006.05.07"]
[Round "4"]
[White "Bleher, Walter"]
[Black "Janzen, Christian"]
[Result "1-0"]
[WhiteElo "1771"]
[BlackElo "1674"]
[PlyCount "67"]
[EventDate "2006.05.04"]
[EventType "swiss"]
[EventRounds "9"]
[EventCountry "GER"]
[SourceTitle "EXT 2007"]
[Source "ChessBase"]
[SourceDate "2006.11.23"]
[SourceVersion "1"]
[SourceVersionDate "2006.11.23"]
[SourceQuality "1"]

1. e4 e5 2. Nf3 Nc6 3. Bb5 Nf6 4. 0-0 d6 5. Re1 Bd7 6. d4 Nxd4 7. Bxd7+ Nxd7 8. Nxd4 exd4 9. Qxd4 Qf6 10. Qc4 c6 11. Nc3 Nb6 12. Qd3 Be7 13. Be3 Nc8 14. Bd4 Qg6 15. Re3 f6 16. Rg3 Qf7 17. Be3 g6 18. f4 Rg8 19. Rf1 Nb6 20. b3 Rd8 21. Rd1 Nc8 22. Qe2 Kf8 23. Qf2 b6 24. Rf3 Qg7 25. Ne2 d5 26. exd5 cxd5 27. Nd4 Qf7 28. f5 gxf5 29. Nxf5 Rg6 30. Bd4 Kg8 31. Rf1 Bd6 32. Nxd6 Rxd6 33. Bxf6 Qd7 34. Be5 1-0

[Event "Wuerttemberg-ch Seniors 16th"]
[Site "Freudenstadt"]
[Date "2004.05.05"]
[Round "4"]
[White "Goy, Udo"]
[Black "Bleher, Walter"]
[Result "1-0"]
[WhiteElo "2251"]
[BlackElo "2030"]
[PlyCount "120"]
[EventDate "2004.05.02"]
[EventType "swiss"]
[EventRounds "9"]
[EventCountry "GER"]
[SourceTitle "EXT 2006"]
[Source "ChessBase"]
[SourceDate "2005.11.24"]
[SourceVersion "1"]
[SourceVersionDate "2005.11.24"]
[SourceQuality "1"]

1. d4 Nf6 2. g3 g6 3. Bg2 d5 4. c4 Bg7 5. cxd5 Nxd5 6. e4 Nb4 7. d5 c6 8. a3 Qa5 9. Nc3 cxd5 10. axb4 Qxa1 11. Nxd5 Bd7 12. Nc7+ Kf8 13. Nxa8 Bxb2 14. Bh6+ Kg8 15. Qxa1 Bxa1 16. Nf3 Bc3+ 17. Bd2 Bxd2+ 18. Kxd2 Na6 19. Rb1 Kg7 20. b5 Nc5 21. Nc7 Rc8 22. b6 axb6 23. Nd5 Nxe4+ 24. Ke3 Nc3 25. Nxc3 Rxc3+ 26. Kd2 Ra3 27. Ne5 Ra2+ 28. Ke3 Ra3+ 29. Kd4 Ra4+ 30. Kc3 Be6 31. Rxb6 Ra3+ 32. Kd4 Ra4+ 33. Ke3 Ra3+ 34. Nd3 Bc4 35. Bf1 Ba6 36. f4 h5 37. Be2 f6 38. Rb2 g5 39. Rd2 gxf4+ 40. gxf4 Kg6 41. Bf1 f5 42. Kf2 Bxd3 43. Bxd3 Kf6 44. Be2 h4 45. Rb2 Ra4 46. Rb6+ e6 47. Ke3 Ra3+ 48. Bd3 Rc3 49. Rxb7 Rc6 50. Rh7 Rd6 51. Rh6+ Kg7 52. Rxh4 Kf6 53. Rh5 Kg6 54. Rg5+ Kf6 55. h4 Rd7 56. h5 Re7 57. Bc4 Re8 58. Rg6+ Kf7 59. Kd4 Rh8 60. Rxe6 Kg7 1-0

[Event "Wuerttemberg-ch Seniors 16th"]
[Site "Freudenstadt"]
[Date "2004.05.04"]
[Round "3"]
[White "Bleher, Walter"]
[Black "Leutz, Hans"]
[Result "1-0"]
[WhiteElo "2030"]
[BlackElo "1769"]
[PlyCount "87"]
[EventDate "2004.05.02"]
[EventType "swiss"]
[EventRounds "9"]
[EventCountry "GER"]
[SourceTitle "EXT 2006"]
[Source "ChessBase"]
[SourceDate "2005.11.24"]
[SourceVersion "1"]
[SourceVersionDate "2005.11.24"]
[SourceQuality "1"]

1. e4 c6 2. d4 d5 3. exd5 cxd5 4. Bd3 Nc6 5. c3 Qc7 6. Nf3 Bg4 7. h3 Bh5 8. 0-0 e6 9. Bg5 Be7 10. Bxe7 Ngxe7 11. Re1 0-0 12. Nbd2 Bg6 13. Nf1 a6 14. a4 Rab8 15. Ne3 Rfc8 16. Ng4 Bxd3 17. Qxd3 Ng6 18. g3 b5 19. axb5 axb5 20. Ng5 Nd8 21. h4 h6 22. h5 Nf8 23. Nf3 Qc4 24. Qe3 b4 25. Nxh6+ gxh6 26. Qxh6 Qd3 27. Ng5 bxc3 28. bxc3 Rxc3 29. Rad1 Qc2 30. Rc1 Qd3 31. Rcd1 Qf5 32. Re5 Qg4 33. Rde1 Rb2 34. Ne4 Rxg3+ 35. Nxg3 f5 36. Qf6 Rb3 37. Kh2 Rf3 38. R1e2 Nf7 39. R5e3 Ng5 40. h6 Ne4 41. Qg7+ Qxg7 42. hxg7 Rxe3 43. gxf8Q+ Kxf8 44. fxe3 1-0

[Event "Wuerttemberg-ch Seniors 16th"]
[Site "Freudenstadt"]
[Date "2004.05.02"]
[Round "1"]
[White "Bleher, Walter"]
[Black "Mueller, Herbert1111"]
[Result "1-0"]
[WhiteElo "2030"]
[BlackElo "1630"]
[PlyCount "129"]
[EventDate "2004.05.02"]
[EventType "swiss"]
[EventRounds "9"]
[EventCountry "GER"]
[SourceTitle "EXT 2006"]
[Source "ChessBase"]
[SourceDate "2005.11.24"]
[SourceVersion "1"]
[SourceVersionDate "2005.11.24"]
[SourceQuality "1"]

1. e4 c6 2. d4 d5 3. exd5 cxd5 4. Bd3 Nf6 5. c3 g6 6. Bf4 Bg7 7. Nf3 Nc6 8. Nbd2 Bg4 9. h3 Bxf3 10. Nxf3 0-0 11. 0-0 e6 12. Re1 a6 13. a4 Qb6 14. Qe2 a5 15. Qd2 Rfe8 16. Re2 Qd8 17. Bg5 Qc7 18. Bf4 Qb6 19. Bb5 Red8 20. Rae1 Ne4 21. Qe3 Re8 22. Ne5 Rac8 23. Ng4 Qd8 24. Bh6 Qh4 25. Bxg7 Kxg7 26. Ne5 Re7 27. Ng4 h5 28. Nh2 Qf6 29. Bd3 Nd6 30. f4 Rce8 31. Nf3 Nf5 32. Qf2 h4 33. Bxf5 Qxf5 34. Nxh4 Qh5 35. Nf3 Rh8 36. Qg3 Qf5 37. Ne5 Nd8 38. Qg4 Qxg4 39. Nxg4 f6 40. Ne3 Kf7 41. Nxd5 Rd7 42. Ne3 Rh4 43. Ng4 Rd5 44. Rf1 Rd6 45. Kh2 Rd5 46. g3 Rh8 47. Kg2 Rd6 48. h4 Rh5 49. Nf2 Rh8 50. Rfe1 Rh5 51. Ne4 Rd7 52. Nc5 Rd6 53. Kh3 Rh8 54. g4 b6 55. Nd3 Re8 56. Kg3 Nc6 57. Rh1 Rh8 58. h5 Kg7 59. Reh2 Ne7 60. hxg6 Rxh2 61. Rxh2 Nxg6 62. Rh5 Ne7 63. Rb5 Nd5 64. Kf3 Rc6 65. f5 1-0

[Event "Wuerttemberg-ch Seniors 15th"]
[Site "Ellwangen"]
[Date "2003.04.16"]
[Round "6"]
[White "Peter, Walter"]
[Black "Bleher, Walter"]
[Result "1-0"]
[WhiteElo "1623"]
[BlackElo "1933"]
[PlyCount "65"]
[EventDate "2003.04.??"]
[EventType "swiss"]
[EventRounds "9"]
[EventCountry "GER"]
[SourceTitle "EXT 2006"]
[Source "ChessBase"]
[SourceDate "2005.11.24"]
[SourceVersion "1"]
[SourceVersionDate "2005.11.24"]
[SourceQuality "1"]

1. e4 c5 2. Nf3 a6 3. c3 d5 4. exd5 Qxd5 5. Be2 e5 6. 0-0 Nc6 7. Na3 Nf6 8. Re1 Be7 9. Nc4 Rb8 10. Nb6 Qd6 11. Nxc8 Rxc8 12. d3 0-0 13. Qc2 Rfd8 14. Bg5 b5 15. Rad1 h6 16. Bh4 Qe6 17. Bf1 Qf5 18. Bxf6 Bxf6 19. Nd2 Rd7 20. Ne4 Be7 21. Re3 Rcd8 22. Be2 Qe6 23. Bf3 f5 24. Nd2 Na5 25. Nb3 Nxb3 26. axb3 Bf6 27. c4 b4 28. Bd5 Rxd5 29. cxd5 Qxd5 30. Qc4 e4 31. Ree1 Bxb2 32. dxe4 Qxc4 33. Rxd8+ 1-0

[Event "Wuerttemberg-ch Seniors 15th"]
[Site "Ellwangen"]
[Date "2003.04.12"]
[Round "2"]
[White "Gretzer, Otmar"]
[Black "Bleher, Walter"]
[Result "0-1"]
[WhiteElo "2057"]
[BlackElo "1933"]
[PlyCount "52"]
[EventDate "2003.04.??"]
[EventType "swiss"]
[EventRounds "9"]
[EventCountry "GER"]
[SourceTitle "EXT 2006"]
[Source "ChessBase"]
[SourceDate "2005.11.24"]
[SourceVersion "1"]
[SourceVersionDate "2005.11.24"]
[SourceQuality "1"]

1. e4 c5 2. Nf3 a6 3. d4 cxd4 4. Nxd4 Nf6 5. Nc3 e5 6. Nb3 Bb4 7. Bd2 0-0 8. Qf3 d6 9. h3 Be6 10. a3 Bxc3 11. Bxc3 Qc7 12. Be2 d5 13. Bd3 d4 14. Bd2 Nbd7 15. 0-0 Rac8 16. Qe2 Bc4 17. Rac1 Bxd3 18. Qxd3 Qc4 19. f4 Rfd8 20. Qxc4 Rxc4 21. fxe5 Nxe5 22. Bg5 Re8 23. Bxf6 gxf6 24. Rxf6 d3 25. Rf2 dxc2 26. Na1 Nd3 0-1

[Event "Wch Seniors 13th"]
[Site "Bad Zwischenahn"]
[Date "2003.??.??"]
[Round "?"]
[White "Bleher, Walter"]
[Black "Delander, Adolf"]
[Result "1/2-1/2"]
[WhiteElo "1935"]
[BlackElo "2005"]
[PlyCount "40"]
[EventDate "2003.11.16"]
[EventType "swiss"]
[EventRounds "11"]
[EventCountry "GER"]
[SourceTitle "CBM 097 Extra"]
[Source "ChessBase"]
[SourceDate "2004.01.13"]
[SourceVersion "1"]
[SourceVersionDate "2004.01.13"]
[SourceQuality "1"]

1. e4 c6 2. d4 d5 3. exd5 cxd5 4. Bd3 Nc6 5. c3 g6 6. Bf4 Bg7 7. Nf3 Nh6 8. Qd2 Nf5 9. 0-0 0-0 10. Re1 Re8 11. Qc2 f6 12. Bb5 Nd6 13. Bxd6 Qxd6 14. Nbd2 a6 15. Bf1 e5 16. dxe5 Nxe5 17. Nd4 Bd7 18. Rad1 Qb6 19. Qb3 Qxb3 20. axb3 Bh6 1/2-1/2

[Event "Wch Seniors 12th"]
[Site "Naumburg"]
[Date "2002.11.01"]
[Round "10"]
[White "Neubert, Gerhard"]
[Black "Bleher, Walter"]
[Result "1-0"]
[WhiteElo "1976"]
[BlackElo "1895"]
[PlyCount "117"]
[EventDate "2002.10.21"]
[EventType "swiss"]
[EventRounds "11"]
[EventCountry "GER"]
[SourceTitle "EXT 2006"]
[Source "ChessBase"]
[SourceDate "2005.11.24"]
[SourceVersion "1"]
[SourceVersionDate "2005.11.24"]
[SourceQuality "1"]

1. e4 c5 2. Nf3 a6 3. c4 e6 4. Nc3 Qc7 5. d4 cxd4 6. Nxd4 Nf6 7. Be3 Bb4 8. Bd3 Nc6 9. Nxc6 dxc6 10. 0-0 Bxc3 11. bxc3 e5 12. h3 Be6 13. Qe2 0-0 14. a4 c5 15. a5 Rad8 16. Bg5 Qe7 17. Bc2 h6 18. Be3 Bd7 19. Rfe1 Bc6 20. f3 Bd7 21. Qf2 Rc8 22. Red1 Be6 23. Bd3 Rfd8 24. Qg3 Nh5 25. Qxe5 Qh4 26. Bf2 Qg5 27. Qxg5 hxg5 28. Bf1 Rxd1 29. Rxd1 Kf8 30. Kh2 Ke7 31. Be3 f6 32. g3 g6 33. Be2 Ng7 34. g4 Ne8 35. e5 Rc6 36. Rb1 Rc7 37. exf6+ Kxf6 38. Rd1 Rc6 39. f4 gxf4 40. Bxf4 g5 41. Bg3 Bc8 42. Bf3 Re6 43. Rd8 Re3 44. Rxc8 Rxf3 45. Rxe8 Kf7 46. Rc8 Rxc3 47. Rxc5 Kg6 48. Rc7 Rb3 49. c5 Rb2+ 50. Kg1 Rb1+ 51. Kg2 Rc1 52. Rxb7 Rxc5 53. Rb6+ Kf7 54. Rxa6 Rc2+ 55. Bf2 Ra2 56. Ra8 Kg7 57. a6 Kf7 58. a7 Kg7 59. Rc8 1-0

[Event "Wch Seniors 12th"]
[Site "Naumburg"]
[Date "2002.10.28"]
[Round "6"]
[White "Wunderer, Eckart"]
[Black "Bleher, Walter"]
[Result "1-0"]
[WhiteElo "2206"]
[BlackElo "1895"]
[PlyCount "77"]
[EventDate "2002.10.21"]
[EventType "swiss"]
[EventRounds "11"]
[EventCountry "GER"]
[SourceTitle "EXT 2006"]
[Source "ChessBase"]
[SourceDate "2005.11.24"]
[SourceVersion "1"]
[SourceVersionDate "2005.11.24"]
[SourceQuality "1"]

1. e4 c5 2. Nf3 a6 3. c3 d5 4. exd5 Qxd5 5. d4 Nf6 6. Be2 e6 7. 0-0 Be7 8. Ne5 0-0 9. Bf3 Qd8 10. Be3 Nbd7 11. Qb3 Nxe5 12. dxe5 Nd7 13. Bf4 Rb8 14. Qc2 Bg5 15. Bg3 Bh4 16. Be4 h6 17. Bxh4 Qxh4 18. f4 b5 19. Nd2 Bb7 20. Bxb7 Rxb7 21. Ne4 Rc7 22. Rad1 Nb6 23. Rd6 Nc4 24. Rd3 Rd8 25. Rh3 Qe7 26. Rg3 Kh8 27. Rh3 Kg8 28. b3 Nb6 29. Rxh6 Nd5 30. Nf6+ Qxf6 31. Qh7+ Kf8 32. exf6 Nxf6 33. Rxf6 gxf6 34. g4 Rcd7 35. g5 f5 36. Qh8+ Ke7 37. Qf6+ Ke8 38. g6 fxg6 39. Re1 1-0

[Event "Wch Seniors 12th"]
[Site "Naumburg"]
[Date "2002.10.24"]
[Round "4"]
[White "Duemmke, Juergen"]
[Black "Bleher, Walter"]
[Result "0-1"]
[WhiteElo "2191"]
[BlackElo "1895"]
[PlyCount "106"]
[EventDate "2002.10.21"]
[EventType "swiss"]
[EventRounds "11"]
[EventCountry "GER"]
[SourceTitle "EXT 2006"]
[Source "ChessBase"]
[SourceDate "2005.11.24"]
[SourceVersion "1"]
[SourceVersionDate "2005.11.24"]
[SourceQuality "1"]

1. d4 Nf6 2. Nf3 g6 3. Bf4 Bg7 4. e3 0-0 5. Be2 d6 6. 0-0 c5 7. c3 Qb6 8. Na3 Be6 9. Ng5 Bd5 10. c4 Bc6 11. d5 Bd7 12. Qb3 Qxb3 13. axb3 h6 14. Nf3 Nh5 15. Nb5 Nxf4 16. exf4 Na6 17. Rfe1 Bxb2 18. Ra2 Bf6 19. Nd2 Nb4 20. Rxa7 Rxa7 21. Nxa7 Ra8 22. Nb5 Bxb5 23. cxb5 Nxd5 24. Bf3 Nb4 25. Bxb7 Rb8 26. Bc6 Bc3 27. Re2 Bxd2 28. Rxd2 Nxc6 29. bxc6 Rxb3 30. g3 Rb6 31. Re2 e6 32. f5 gxf5 33. c7 Rc6 34. Rd2 d5 35. Kg2 Rxc7 36. Kf3 f6 37. Kf4 c4 38. Ke3 c3 39. Rd1 c2 40. Rc1 Kf7 41. Kd4 Rc4+ 42. Kd3 e5 43. f3 Ke6 44. Rxc2 Rxc2 45. Kxc2 Kd6 46. Kc3 Kc5 47. h3 d4+ 48. Kd3 Kd5 49. Kd2 Kc4 50. h4 d3 51. h5 e4 52. g4 fxg4 53. fxg4 Kd4 0-1